=LDR 00000nam 2200000 4500 =001 INLIS000000000037392 =005 20200210110509 =035 ##$$a 0010-061300000037392 =008 200210################g##########0#ind## =041 ##$$a Ind =082 ##$$a 004.6 =090 ##$$a 004.6, Sur t =100 ##$$a Suryaman, Isman H. =245 1#$$a Tujuh Dosa Besar (penggunaan) Power Point : $b Kiat Menyajikan Presentasi yang Menarik /$c Isman H. Suryaman, Penyunting, Ryan Perdana =260 ##$$a Jakarta :$b Gramedia,$c 2007 =300 ##$$a xviii,109 hlm. : $b ilus. ; $c 15,5 x 23 Cm. =650 #4$$a Powerpoint =850 ##$$a NBPNMAT =020 ##$$a 978-979-22-3137-3 =084 ##$$a 004.6 SUR t =504 ##$$a Bibliografi : hlm. 107 =250 ##$$a Ed.1 =990 ##$$a 0001/BPAP-NTB/20142015 =990 ##$$a 21108521/Pb.2011 =990 ##$$a 21106522